000
00326 a2200157 4500
001
151784
040
_c
Escola São Tomás de Aquino
100
_a
ALEIXO, Ricardo
240
1
0
_a
A roda do mundo
_l
por
245
1
0
_a
A roda do mundo
300
_a
47
362
0
_a
1996
440
1
_a
Mazza
697
_a
Poesia
942
_c
BK
999
_c
151784
_d
151784